Quản lý chất lượng nước trong ao nuôi cá nước ngọt
Sách giới thiệu về các cách quản lý chất lượng và môi trường nước trong việc nuôi cá nước ngọt trong ao nuôi.
Αποθηκεύτηκε σε:
| Μορφή: | Βιβλίο |
|---|---|
| Γλώσσα: | Undetermined |
| Έκδοση: |
Thành phố Hồ Chí Minh
Nông nghiệp
2003
|
| Θέματα: | |
| Ετικέτες: |
Προσθήκη ετικέτας
Δεν υπάρχουν, Καταχωρήστε ετικέτα πρώτοι!
|
| Thư viện lưu trữ: | Trung tâm Học liệu Trường Đại học Cần Thơ |
|---|
| LEADER | 00734nam a2200181Ia 4500 | ||
|---|---|---|---|
| 001 | CTU_161184 | ||
| 008 | 210402s9999 xx 000 0 und d | ||
| 082 | |a 639.31 | ||
| 082 | |b Qu105 | ||
| 245 | 0 | |a Quản lý chất lượng nước trong ao nuôi cá nước ngọt | |
| 245 | 0 | |c Biên soạn: Trương Quốc Phú | |
| 260 | |a Thành phố Hồ Chí Minh | ||
| 260 | |b Nông nghiệp | ||
| 260 | |c 2003 | ||
| 520 | |a Sách giới thiệu về các cách quản lý chất lượng và môi trường nước trong việc nuôi cá nước ngọt trong ao nuôi. | ||
| 650 | |a Fish culture | ||
| 904 | |i Giang | ||
| 980 | |a Trung tâm Học liệu Trường Đại học Cần Thơ | ||